000 00881nas a2200301 4500
001 BR0405433
003 BR-BrBNA
005 20231205104953.0
007 ta
008 230509b bl.|||p| |||| 00| 00por d
040 _aBR-BrBNA
_bpor
_cBiblioteca Nacional de Agricultura
041 _a(Pt)
072 _aP40; F08
100 1 _aPezzopane, J.E.M.
100 1 _aOliveira, P.C. de
100 1 _aReis, E.F. dos
100 1 _aLima, J.S. de S.
245 1 _aAlterações microclimáticas causadas pelo uso de tela plástica
650 _aALFACE
650 _aMICROCLIMA
650 _aRADIAÇÃO SOLAR
650 _aSOMBREAMENTO
650 _aCULTIVO PROTEGIDO
650 _aESPÍRITO SANTO
773 0 _tEngenharia Agrícola (Brazil)
_xISSN 0100-6916
_g(Jan-Apr 2004), v. 24(1) p. 9-15
_wBR0405433
909 _a202311
_bLúcia
_c55
_dLúcia Elande
942 _2AGRIS
_n0
_cANA
999 _c180562
_d180562